[Event "ROM-ch U10"]
[Site "Calimanesti Caciulata"]
[Date "2019.04.21"]
[Round "8"]
[White "Bibis, Vlad Andreas"]
[Black "Necula, Vlad Eduard"]
[Result "1-0"]
[WhiteElo "1156"]
[BlackElo "1010"]
[PlyCount "147"]
[EventDate "2019.04.15"]
[EventType "swiss"]
[EventRounds "9"]
[EventCountry "ROU"]
[SourceTitle "CBM 190 Extra"]
[Source "ChessBase"]
[SourceDate "2019.07.15"]
[SourceVersion "1"]
[SourceVersionDate "2019.07.15"]
[SourceQuality "1"]

1. d4 d5 2. Bf4 Nf6 3. e3 e6 4. Bd3 Be7 5. c3 0-0 6. Qc2 Nbd7 7. Nf3 b6 8. Nbd2 Bb7 9. 0-0 c5 10. Rfe1 c4 11. Be2 Ne4 12. Nxe4 dxe4 13. Ne5 Nf6 14. Bxc4 Rc8 15. Qe2 a5 16. Bb3 Ra8 17. Bc2 Ba6 18. Qd2 Bd6 19. Nc6 Qc7 20. Bxd6 Qxd6 21. Ne5 Rad8 22. Qc1 b5 23. Qb1 Qd5 24. Bb3 Qd6 25. a3 a4 26. Bc2 Bb7 27. Qd1 Qc7 28. Qe2 Ba6 29. Qd2 Rd5 30. Bb1 Rfd8 31. Ba2 Rxe5 32. Qc2 Rh5 33. h3 b4 34. axb4 Ng4 35. g3 Rxh3 36. Qxe4 Bb7 37. d5 Nf6 38. Qg2 Rh6 39. e4 exd5 40. exd5 g6 41. Qf3 Nxd5 42. Rad1 Nf6 43. Rxd8+ Kg7 44. Bd5 Nxd5 45. Rxd5 Qc6 46. Ree5 f6 47. Re7+ Kf8 48. Red7 Qxd7 49. Qxf6+ Kg8 50. Qd8+ Qxd8 51. Rxd8+ Kf7 52. Rd7+ Ke6 53. Rxb7 Rh5 54. Ra7 Rd5 55. Rxa4 Rd1+ 56. Kg2 Rd2 57. Ra7 h5 58. Ra6+ Kf5 59. b5 Rxb2 60. b6 Rb3 61. c4 g5 62. c5 Ke5 63. Ra5 h4 64. c6+ Kd6 65. Rxg5 hxg3 66. Rg6+ Ke7 67. c7 Rb2 68. c8Q Rxf2+ 69. Kxg3 Rf8 70. Qxf8+ Kxf8 71. b7 Ke7 72. b8Q Kd7 73. Qb7+ Ke8 74. Rg8# 1-0

[Event "ROM-ch U08"]
[Site "Calimanesti"]
[Date "2018.03.29"]
[Round "4"]
[White "Celmare, Radu Constantin"]
[Black "Bibis, Vlad Andreas"]
[Result "1-0"]
[WhiteElo "1232"]
[BlackElo "1080"]
[PlyCount "81"]
[EventDate "2018.03.27"]
[EventType "swiss"]
[EventRounds "9"]
[EventCountry "ROU"]
[SourceTitle "CBM 183 Extra"]
[Source "ChessBase"]
[SourceDate "2018.04.19"]
[SourceVersion "1"]
[SourceVersionDate "2018.04.19"]
[SourceQuality "1"]

1. e4 c6 2. d4 d5 3. e5 Bf5 4. g4 Bd7 5. Nc3 e6 6. Nh3 Bb4 7. Bf4 Qa5 8. Bd2 Bxc3 9. Bxc3 Qc7 10. Qf3 h6 11. g5 hxg5 12. Nxg5 Nh6 13. Qh3 Na6 14. Qh4 0-0-0 15. Bxa6 bxa6 16. Qh3 Nf5 17. Qf3 Rdf8 18. Bb4 Qb6 19. Bxf8 Qxb2 20. Rd1 Rxf8 21. Qb3 Qxb3 22. axb3 f6 23. Nf3 fxe5 24. dxe5 Ne3 25. fxe3 Rxf3 26. Ke2 Rf5 27. h4 Be8 28. Rdg1 Rxe5 29. Rxg7 d4 30. Rh3 Bh5+ 31. Kd3 dxe3 32. Rxe3 Rd5+ 33. Kc4 e5 34. Rxa7 Rd2 35. Kc3 Rd5 36. Rg3 Rc5+ 37. Kb2 Kb8 38. Rh7 Be8 39. Rg8 Rxc2+ 40. Kxc2 a5 41. Rxe8# 1-0

[Event "ROM-ch U08"]
[Site "Calimanesti"]
[Date "2018.03.27"]
[Round "1"]
[White "Muresan, Matei Daniel"]
[Black "Bibis, Vlad Andreas"]
[Result "0-1"]
[WhiteElo "1001"]
[BlackElo "1080"]
[PlyCount "72"]
[EventDate "2018.03.27"]
[EventType "swiss"]
[EventRounds "9"]
[EventCountry "ROU"]
[SourceTitle "CBM 183 Extra"]
[Source "ChessBase"]
[SourceDate "2018.04.19"]
[SourceVersion "1"]
[SourceVersionDate "2018.04.19"]
[SourceQuality "1"]

1. e4 c6 2. Nc3 e5 3. Bc4 b5 4. Bb3 a5 5. Qh5 g6 6. Bxf7+ Kxf7 7. Qf3+ Ke8 8. Nh3 b4 9. d3 bxc3 10. Bg5 Be7 11. bxc3 Bxg5 12. Qg3 Bf6 13. 0-0-0 Qe7 14. Rde1 Qa3+ 15. Kd2 Qxa2 16. Ng5 Bxg5+ 17. Qxg5 Qe6 18. Re3 Qf6 19. Rg3 Qxf2+ 20. Kd1 Qf6 21. h4 Qxg5 22. Rxg5 d6 23. h5 gxh5 24. Rhxh5 h6 25. Rg6 a4 26. Kc1 Ne7 27. Rf6 a3 28. Kb1 Rf8 29. Rfxh6 Rf1+ 30. Ka2 Rf2 31. Rh8+ Kd7 32. Ka1 Rxc2 33. Kb1 a2+ 34. Ka1 Rc1+ 35. Kb2 a1Q+ 36. Kb3 Qxc3# 0-1